COLORADO 4A HS FOOTBALL STATE CHAMPIONS - Statistics

General Stats
  • This quiz has been taken 5 times
  • The average score is 5 of 15
Answer Stats
Hint Answer % Correct
2024 Broomfield
100%
2022 Broomfield
100%
2012 Monarch
75%
2023 Erie
50%
2020 Loveland
50%
2018 Loveland
50%
2017 Pueblo South
25%
2011 Valor Christian
25%
2010 Valor Christian
25%
2015 Windsor
25%
2021 Chatfield
0%
2019 Pine Creek
0%
2016 Pine Creek
0%
2014 Pine Creek
0%
2013 Pine Creek
0%
No matching quizzes found
Score Distribution
Percent of People with Each Score
Percentile by Number Answered
Your Score History
You have not taken this quiz